El gran libro de Android avanzado. Actualizado a la versión 4.4.
I tiakina i:
| Kaituhi matua: | |
|---|---|
| Ētahi atu kaituhi: | , , , , |
| Hōputu: | Pukapuka |
| Reo: | Pāniora |
| I whakaputaina: |
México D.F., México:
Alfaomega Grupo Editor,
2013
|
| Putanga: | Segunda edición. |
| Ngā marau: | |
| Ngā Tūtohu: |
Tāpirihia he Tūtohu
Kāore He Tūtohu, Me noho koe te mea tuatahi ki te tūtohu i tēnei pūkete!
|
MARC
| LEADER | 00000cam a2200000 a 4500 | ||
|---|---|---|---|
| 001 | UCE5333 | ||
| 003 | CL-VaPUC | ||
| 005 | 20250407202500.0 | ||
| 008 | 141230t20140000mx |||||||||||||||||spa|d | ||
| 999 | |c 447600 |d 447598 | ||
| 020 | |a 978-607-622-189-1 | ||
| 040 | |c Pontificia Universidad Católica de Valparaíso | ||
| 082 | 0 | 4 | |a 005.268 TOM 2014 |2 22 |
| 100 | |a Tomás, Jesús |e autor |9 858592 | ||
| 245 | 1 | 3 | |a El gran libro de Android avanzado. |b Actualizado a la versión 4.4. |
| 250 | |a Segunda edición. | ||
| 260 | |a México D.F., México: |b Alfaomega Grupo Editor, |c 2013 | ||
| 300 | |a 466 páginas. | ||
| 500 | |a c.1-2: Instituto Arcos. 08-01-2025 | ||
| 583 | |a last modification |c 20141230 16:04:00 |k Yessy Sthefany Diaz Vidal | ||
| 650 | 0 | |a Dispositivos móviles |9 571814 |x Sistemas operativos |x Interfaz de usuario | |
| 650 | 0 | |a Android |9 571810 |x Lenguaje y programación |v Diseño web | |
| 700 | |a Carbonell, Vicente |e autor |9 577907 | ||
| 700 | |a Vogt, Carsten |e autor |9 577908 | ||
| 700 | |a García Pineda, Miguel |e autor |9 577909 | ||
| 700 | |a Bataller Mascarell, Jordi |e autor |9 458082 | ||
| 700 | |a Ferri, Daniel |e autor |9 577911 | ||
| 942 | |c BK |2 ddc |n 0 | ||
| 945 | |d 20141230 16:04:00 |a dcastane | ||
| 952 | |0 0 |1 0 |2 ddc |4 0 |6 005_268000000000000_TOM_2014 |7 0 |8 A |9 601790 |a BIBINC |b BIBINC |d 2025-03-21 |e Instituto Arcos |i 5666668 |o 005.268 TOM 2014 |p 5666668 |r 2025-03-21 |t 1 |w 2025-03-21 |y BK |k IFP | ||
| 952 | |0 0 |1 0 |2 ddc |4 0 |6 005_268000000000000_TOM_2014 |7 0 |8 A |9 601791 |a BIBINC |b BIBINC |d 2025-03-21 |e Instituto Arcos |i 5666669 |o 005.268 TOM 2014 |p 5666669 |r 2025-03-21 |t 2 |w 2025-03-21 |y BK |k IFP | ||